000 00769nam a22002777a 4500
001 5702
003 FISKH
005 20250115090328.0
008 250115b cb ||||| |||| 00| 0 eng d
020 _a9780618481354
040 _aFISKH
_beng
_cFISKH
_dFISKH
050 _aPZ7
082 _a636.8
100 _aNuncio, Max
245 _aA cat at school? /
_cby Max Nuncio, Nathan Jarvis
260 _aBoston :
_bHoughton Mifflin,
_c2005.
300 _a8 pages :
_bcolor illustrations ;
_c21 cm
505 _aF
520 _aA cat name Puff want to go to school.
521 8 _a330
_bLexile estimate
521 8 _aF
_bRaz-Plus
650 _aCat
_vEarly Reader
700 _aJarvis, Nathan
_eillustrator
942 _2ddc
_cBK
_n0
999 _c5702
_d5702